[Event "38th ch-IND w 2011"]
[Site "Chennai IND"]
[Date "2011.11.07"]
[Round "9"]
[White "Pratyusha,B"]
[Black "Meera,S"]
[Result "1/2-1/2"]
[WhiteElo "2062"]
[BlackElo "2117"]

1.e4 c5 2.Nf3 d6 3.d4 cxd4 4.Nxd4 Nf6 5.Nc3 a6 6.Be3 e5 7.Nb3 Be7 8.h3 O-O
9.Qf3 b5 10.O-O-O Qc7 11.g4 b4 12.Nd5 Nxd5 13.Rxd5 Bb7 14.Rd1 Nd7 15.Bd3 a5
16.Kb1 a4 17.Nc1 a3 18.Nb3 axb2 19.Bd2 d5 20.exd5 Nb6 21.Rhe1 Bxd5 22.Qf5 g6
23.Qxe5 Qxe5 24.Rxe5 Bf6 25.Rde1 Bxb3 26.cxb3 Bxe5 27.Rxe5 Rfd8 28.Be4 Re8
29.Rxe8+ Rxe8 30.f3 f5 31.gxf5 gxf5 32.Bxf5 Nd5 33.Bd3 Kg7 34.Kxb2 Rb8 35.Bc4 Nf6
36.Bf4 Rb7 37.Be3 Kg6 38.a3 bxa3+ 39.Kxa3 Kh5 40.b4 Kh4 41.Bd4 Nd7 42.f4 Kxh3
43.f5 Kg4 44.f6 Kg5 45.f7 h5 46.b5 h4 47.Be5 Kf5 48.Bd6 h3 49.Kb4 Rb6 50.f8=Q+ Nxf8
51.Bxf8 h2 52.Bd5 Ke5 53.Bh1 Rg6 54.Kc5 Rg1 55.Bd6+ Kf5 56.Bd5 h1=Q 57.Bxh1 Rxh1
58.Kc6 Rb1 59.b6  1/2-1/2

[Event "1st Panama Open"]
[Site "Panama City PAN"]
[Date "2011.11.07"]
[Round "9.12"]
[White "Hevia,A"]
[Black "Martinez Romero,M"]
[Result "1/2-1/2"]
[WhiteElo "2520"]
[BlackElo "2343"]

1.e4 c5 2.Nf3 d6 3.d4 cxd4 4.Nxd4 Nf6 5.Nc3 a6 6.Be3 e6 7.f3 b5 8.Qd2 Bb7
9.g4 Nfd7 10.O-O-O Nb6 11.Bg5 Qc8 12.a3 N8d7 13.Qf2 Qc7 14.Nb3 Rc8  1/2-1/2

[Event "Umada Cup 2011"]
[Site "Hastings BAR"]
[Date "2011.11.10"]
[Round "3"]
[White "Del Castilho,M"]
[Black "Farley,T"]
[Result "1/2-1/2"]
[WhiteElo "2181"]
[BlackElo "2253"]

1.e4 c5 2.Nf3 d6 3.d4 cxd4 4.Nxd4 Nf6 5.Nc3 a6 6.Be3 e6 7.Qd2 b5 8.f3 Bb7
9.O-O-O Nbd7 10.g4 h6 11.h4 Nb6 12.Bd3 Nfd7 13.Kb1 Ne5 14.Qe1 Qc7 15.g5 hxg5
16.hxg5 Rxh1 17.Qxh1 b4 18.Nce2 d5 19.g6 Nxg6 20.Nxe6 fxe6 21.Qg1 Ne5 22.Bxb6 Qf7
23.exd5 Bxd5 24.Be4 Be7 25.Qh2 Nd7 26.Qg1 Ne5 27.Qg3 Bf6 28.Bxd5 exd5 29.Nf4 Nc4
30.Nxd5 Nxb6 31.Nxb6 Rd8 32.Rxd8+ Bxd8 33.Qe1+ Qe7 34.Qxe7+ Bxe7 35.Nd5 Bd6
36.Kc1 Kd7 37.Kd2 Kc6 38.Ne3 Kc5 39.Kd3 Be5 40.b3 Ba1 41.Ke4 Bb2 42.Nc4 Bf6
43.Ne5 Bd8 44.Nd3+ Kb5 45.Kd5 a5 46.f4 a4 47.f5 axb3 48.axb3 Bf6 49.Nf4 Bb2
50.Ne6 Ba1 51.Nd4+ Kb6 52.Kc4 Bc3 53.Ne2 Bd2 54.Ng3 Kc6 55.Ne4 Be1 56.f6 gxf6
57.Nxf6 Kb6 58.Ne4 Ka5 59.Nc5 Bh4 60.Nd3 Be7 61.Ne5 Kb6 62.Nd7+ Ka5 63.Nc5 Bf8
64.Nd7 Be7 65.Kd5 Bh4 66.Kc6 Bf2 67.Ne5 Bh4 68.Kc5 Be7+ 69.Kc4 Kb6 70.Nd3 Ka5
71.Nc5 Bf8 72.Nb7+ Kb6 73.Nd8 Be7 74.Nf7 Ka5 75.Ne5 Kb6 76.Kd5 Kb5 77.Nc6 Bf8
78.Nd4+ Kb6 79.Kc4 Be7 80.Nf5 Bf8 81.Ne3 Ka5 82.Nf5 Kb6 83.Ne3 Ka5 84.Nd5 Bd6
85.Nf6 Be7 86.Nd7 Ka6 87.Nc5+ Ka5 88.Nd3 Bf8 89.Nxb4 Bxb4 90.c3 Bxc3 91.Kxc3 Kb5
92.b4 Kb6 93.Kc4 Kc6 94.b5+ Kb6 95.Kb4 Kb7 96.Kc5 Kc7 97.b6+ Kb7 98.Kb5 Kb8
99.Kc6 Kc8 100.b7+ Kb8  1/2-1/2

[Event "Umada Cup 2011"]
[Site "Hastings BAR"]
[Date "2011.11.11"]
[Round "5"]
[White "Del Castilho,M"]
[Black "Joseph,M"]
[Result "1-0"]
[WhiteElo "2181"]
[BlackElo "2182"]

1.e4 c5 2.Nf3 d6 3.d4 cxd4 4.Nxd4 Nf6 5.Nc3 a6 6.Be3 e6 7.Qd2 Be7 8.f3 b5
9.O-O-O Bb7 10.g4 h6 11.h4 Nbd7 12.Bd3 Ne5 13.g5 Nh5 14.f4 Nxd3+ 15.cxd3 b4
16.Nce2 d5 17.e5 g6 18.Kb1 O-O 19.Rdg1 Kh7 20.gxh6 Qd7 21.Ng3 Nxg3 22.Rxg3 a5
23.h5 Rg8 24.Rhg1 Ba6 25.f5 exf5 26.e6 fxe6 27.Rxg6 f4 28.Bxf4 Bf6 29.Nf3 e5
30.Bxe5 Qf5 31.Bxf6 Qxd3+ 32.Ka1 Qxd2 33.Nxd2 Rxg6 34.hxg6+ Kxh6 35.g7 Rg8
36.Rh1+ Kg6 37.Rh8 Kf7 38.Rxg8 Kxg8 39.Nf3 Bd3 40.b3 Be4 41.Ne5  1-0

[Event "12th Metropolitan Inv"]
[Site "Los Angeles USA"]
[Date "2011.11.11"]
[Round "5"]
[White "Casella,M"]
[Black "Matikozian,A"]
[Result "1/2-1/2"]
[WhiteElo "2268"]
[BlackElo "2457"]

1.e4 c5 2.Nf3 d6 3.d4 cxd4 4.Nxd4 Nf6 5.Nc3 a6 6.Be3 e5 7.Nb3 Be6 8.f3 Nbd7
9.Qd2 b5 10.O-O-O Be7 11.g4 O-O 12.Rg1 Nb6 13.g5 Nfd7 14.Nd5 Bxd5 15.exd5 Rc8
16.Na5 Nxd5 17.Qxd5 Qxa5 18.Bd3 Qc7 19.g6 hxg6 20.Rxg6 Qc6 21.Rdg1 Bf6 22.Bh6 Qxd5
23.Rxg7+ Bxg7 24.Rxg7+ Kh8  1/2-1/2

[Event "5th Mediterranean Open"]
[Site "Rijeka CRO"]
[Date "2011.11.12"]
[Round "1.20"]
[White "Zufic,M"]
[Black "Rafaelic,Denis"]
[Result "1-0"]
[WhiteElo "2409"]
[BlackElo "1745"]

1.e4 c5 2.Nf3 d6 3.d4 cxd4 4.Nxd4 Nf6 5.Nc3 a6 6.Be3 e6 7.f3 Be7 8.Qd2 Bd7
9.g4 O-O 10.O-O-O Nc6 11.h4 Nxd4 12.Bxd4 Bc6 13.h5 b5 14.g5 Ne8 15.Rg1 b4
16.Ne2 e5 17.Be3 Qa5 18.Kb1 d5 19.exd5 Rd8 20.c4 bxc3 21.Nxc3 Bb4 22.Bc4 Nd6
23.Bb3 Nb5 24.g6 Bxc3 25.gxh7+ Kh8 26.Qg2 e4 27.Bd4 Rxd5 28.Qxg7+  1-0

[Event "TCh-CZE Liga1 Vychod"]
[Site "Czech Rep CZE"]
[Date "2011.11.13"]
[Round "3"]
[White "Firt,S"]
[Black "Roubalik,J"]
[Result "1/2-1/2"]
[WhiteElo "2294"]
[BlackElo "2307"]

1.e4 c5 2.Nf3 d6 3.d4 cxd4 4.Nxd4 Nf6 5.Nc3 a6 6.Be3 Ng4 7.Bg5 h6 8.Bh4 g5
9.Bg3 Bg7 10.h3 Ne5 11.f3 Nbc6 12.Nb3 Be6 13.Nd5 Ng6 14.c3 Rc8 15.Bf2 Bxd5
16.exd5 Nce5 17.Nd4 Qd7 18.g3 Qc7 19.Nf5 Bf6 20.Bd4 Qa5 21.Bg2 Qb5 22.Qe2 Nd3+
23.Kf1 Be5 24.b3 Nc5 25.Re1 Qxe2+ 26.Rxe2 Kd8 27.c4 Bxd4 28.Nxd4 Nd3 29.Re4 h5
30.h4 gxh4 31.Bh3 Ra8 32.gxh4 Nc5 33.Re3 Nxh4 34.b4 Na4 35.Be6 Nxf3 36.Rxf3 fxe6
37.Nxe6+ Kd7 38.Rh4 Nb6 39.Ke2 a5 40.b5 Rac8 41.Kd3 Rhg8 42.Re4 Rg4 43.Rff4 Rcg8
44.Kd4 Rxf4 45.Nxf4 Rc8 46.Kd3 Na4 47.Ne6 Nc5+ 48.Nxc5+ dxc5 49.Rh4 Rh8 50.b6 Rh6
51.Kc3 a4 52.Kc2 Ke8 53.Rh3 h4 54.Kb2 Rxb6+ 55.Ka3 Rb4 56.Rxh4 Kd7 57.d6 Kxd6
58.Rh6+ Ke5 59.Rh5+ Kd4 60.Rd5+ Kc3 61.Rd3+ Kxc4 62.Rc3+ Kd4 63.Rd3+ Ke5
64.Rd5+ Ke4 65.Re5+ Kf3 66.Re3+ Kf4 67.Rf3+ Kg4 68.Rg3+ Kf5 69.Rg5+ Ke6 70.Re5+ Kd6
71.Rd5+ Kc6 72.Rxc5+  1/2-1/2

[Event "TCh-CZE Liga 1 Zapad"]
[Site "Czech Rep CZE"]
[Date "2011.11.13"]
[Round "3.1"]
[White "Svoboda,V2"]
[Black "Votava,J"]
[Result "1/2-1/2"]
[WhiteElo "2321"]
[BlackElo "2538"]

1.e4 c5 2.Nf3 d6 3.d4 cxd4 4.Nxd4 Nf6 5.Nc3 a6 6.Be3 e6 7.Be2 Nbd7 8.f4 Qc7
9.Bf3 Nb6 10.Qd3 Nc4 11.Bc1 e5 12.Nf5 exf4 13.Bxf4 Nxb2 14.Qd4 Nc4 15.O-O Ne5
16.Rad1 Bxf5 17.exf5 Rc8 18.Ne4 Be7 19.Qa4+ b5 20.Qxa6 O-O 21.Bxe5 dxe5 22.Qxb5 Qa7+
23.Kh1 Rxc2 24.Qxe5 Rxa2 25.Nxf6+ Bxf6 26.Qd5 h6 27.Qd7 Qb8  1/2-1/2

[Event "2nd Brno Open"]
[Site "Brno CZE"]
[Date "2011.11.14"]
[Round "3"]
[White "Khamidov,K"]
[Black "Castellano,A"]
[Result "1-0"]
[WhiteElo "2056"]
[BlackElo "1935"]

1.e4 c5 2.Nf3 d6 3.d4 cxd4 4.Nxd4 Nf6 5.Nc3 a6 6.Be3 e5 7.Nb3 Be6 8.f3 Be7
9.Qd2 Nbd7 10.O-O-O O-O 11.g4 Nb6 12.h4 Rc8 13.h5 Nc4 14.Bxc4 Bxc4 15.g5 Ne8
16.Rdg1 f5 17.g6 f4 18.h6 fxe3 19.Qh2 Rf6 20.hxg7  1-0

[Event "2nd Brno Open"]
[Site "Brno CZE"]
[Date "2011.11.15"]
[Round "4"]
[White "Zemlicka,V"]
[Black "Vyskocil,N"]
[Result "0-1"]
[WhiteElo "1954"]
[BlackElo "2317"]

1.e4 c5 2.Nf3 d6 3.d4 cxd4 4.Nxd4 Nf6 5.Nc3 a6 6.Be3 e5 7.Nb3 Be6 8.f3 Be7
9.Qd2 O-O 10.O-O-O Nbd7 11.g4 b5 12.g5 Ne8 13.h4 b4 14.Nd5 a5 15.Kb1 Bxd5
16.Qxd5 Nc7 17.Qd2 Ne6 18.Qf2 a4 19.Nc1 Qc7 20.Bd3 a3 21.Ne2 axb2 22.Kxb2 Ndc5
23.Ra1 Rfc8 24.Ng3 b3  0-1

[Event "WYCC U18 Open"]
[Site "Caldas Novas BRA"]
[Date "2011.11.18"]
[Round "1"]
[White "Halvax,G"]
[Black "Bornheim,C"]
[Result "1-0"]
[WhiteElo "2318"]
[BlackElo "1909"]

1.e4 c5 2.Nf3 d6 3.d4 cxd4 4.Nxd4 Nf6 5.Nc3 a6 6.Be3 e5 7.Nb3 Be7 8.Qd2 Ng4
9.g3 Nxe3 10.Qxe3 Be6 11.O-O-O Nd7 12.f4 Rc8 13.Kb1 b5 14.f5 Bc4 15.Bxc4 bxc4
16.Nd2 Qa5 17.Qe2 Nb6 18.Ka1 Na4 19.Nxa4 Qxa4 20.Nb1 Rb8 21.Nc3 Qb4 22.Rb1 Bd8
23.Nd5 Qc5 24.Qg4 Kf8 25.Rhf1 h5 26.Qe2 Kg8 27.Rf3 Ba5 28.h3 Rb7 29.Qg2 Kh7
30.f6 Rhb8 31.c3 g6 32.g4 h4 33.Rff1 Bd8 34.Qd2 Qa5 35.Rf5 Rb5 36.Nb4 gxf5
37.Qg5 Bxf6 38.Qxf6 Qc7 39.Qxh4+ Kg7 40.gxf5 Kf8 41.Nd5 Rxd5 42.exd5 Ke8
43.f6 Kd7 44.Qg4+  1-0

[Event "WYCC U16 Girls"]
[Site "Caldas Novas BRA"]
[Date "2011.11.18"]
[Round "1"]
[White "Orbezo Rosales,X"]
[Black "Rodriguez Rueda,P"]
[Result "0-1"]
[WhiteElo "1789"]
[BlackElo "2145"]

1.e4 c5 2.Nf3 d6 3.d4 cxd4 4.Nxd4 Nf6 5.Nc3 a6 6.Be3 e6 7.Be2 Be7 8.a4 Nc6
9.Nb3 O-O 10.f4 d5 11.e5 Nd7 12.O-O f6 13.exf6 Nxf6 14.a5 Bb4 15.Na4 Qe7
16.Nb6 Rb8 17.c3 Bd6 18.Bf3 Bd7 19.Qd3 Be8 20.f5 Ne5 21.Qd2 Nxf3+ 22.Rxf3 exf5
23.Rxf5 Bxh2+ 24.Kh1 Bg3 25.Raf1 Bc6 26.Bf4 Ne4 27.Rxf8+ Rxf8  0-1

[Event "WYCC U16 Open"]
[Site "Caldas Novas BRA"]
[Date "2011.11.19"]
[Round "2"]
[White "Martinez Romero,M"]
[Black "Verstraeten,R"]
[Result "1-0"]
[WhiteElo "2343"]
[BlackElo "2144"]

1.e4 c5 2.Nf3 d6 3.d4 cxd4 4.Nxd4 Nf6 5.Nc3 a6 6.Be3 Ng4 7.Bg5 h6 8.Bh4 g5
9.Bg3 Bg7 10.Be2 h5 11.Nf5 Bxf5 12.exf5 Qa5 13.O-O Bxc3 14.bxc3 Qxc3 15.Bxg4 hxg4
16.Rb1 Nc6 17.Rxb7 Qc4 18.f6 O-O-O 19.Qb1 e5 20.Qb6 Nd4 21.Rb1 Ne2+ 22.Kh1 Nxg3+
23.fxg3 Qc5 24.Rb8+ Kd7 25.Qb7+ Qc7 26.Rxd8+ Rxd8 27.Qe4 Rb8 28.Rf1 Qc3 29.Qxg4+ Kc6
30.Qa4+ Kc7 31.Qxa6 Qxc2 32.Qa5+ Kc6 33.h3 Rb1 34.Qa8+ Kd7 35.Qa7+ Kc6 36.Rxb1 Qxb1+
37.Kh2 Qg6 38.a4 Qxf6 39.Qa8+ Kc7 40.a5 Qd8 41.Qxd8+ Kxd8 42.a6 Kc7 43.a7 Kb7
44.a8=Q+ Kxa8 45.h4  1-0

[Event "WYCC U18 Girls"]
[Site "Caldas Novas BRA"]
[Date "2011.11.19"]
[Round "2"]
[White "Froewis,A"]
[Black "Kurbonboeva,Sarvinoz"]
[Result "1/2-1/2"]
[WhiteElo "1972"]
[BlackElo "2135"]

1.e4 c5 2.Nf3 d6 3.d4 cxd4 4.Nxd4 Nf6 5.Nc3 a6 6.Be3 e6 7.Be2 Be7 8.O-O O-O
9.f4 Qc7 10.a4 Nc6 11.Kh1 Bd7 12.Nb3 Na5 13.Nxa5 Qxa5 14.Qd2 Rfc8 15.Bf3 Bc6
16.Rfd1 Bf8 17.Nd5 Qxd2 18.Nxf6+ gxf6 19.Rxd2 b5 20.axb5 axb5 21.Rxa8 Rxa8
22.Kg1 Be7 23.Kf2 Ra2 24.b3 Kf8 25.Bd4  1/2-1/2

[Event "WYCC U14 Girls"]
[Site "Caldas Novas BRA"]
[Date "2011.11.19"]
[Round "2"]
[White "Monnisha,G"]
[Black "Gueci,Laura"]
[Result "1-0"]
[WhiteElo "1992"]
[BlackElo "1809"]

1.e4 c5 2.Nf3 d6 3.d4 cxd4 4.Nxd4 Nf6 5.Nc3 a6 6.Be3 e5 7.Nb3 Be6 8.f3 Nbd7
9.Qd2 b5 10.O-O-O Be7 11.g4 O-O 12.g5 b4 13.Nd5 Nxd5 14.exd5 Bf5 15.Rg1 a5
16.Bd3 Bg6 17.Qe2 a4 18.Nd2 Nb6 19.Bxb6 Qxb6 20.h4 Rfc8 21.Nc4 Qc5 22.Rg4 e4
23.Rxe4 Bxe4 24.Qxe4 Bxg5+ 25.hxg5 g6 26.Rh1 Kg7 27.Qh4 Rh8 28.Qf4 b3 29.Nxd6 Rhf8
30.Qf6+ Kg8 31.Nf5 gxf5 32.Bxf5 Qe3+ 33.Kb1 Rfd8 34.Bxh7+ Kf8 35.Bf5 bxc2+
36.Bxc2 Ke8 37.Bf5  1-0

[Event "TCh-BEL 2011-12"]
[Site "Belgium BEL"]
[Date "2011.11.20"]
[Round "4.8"]
[White "Le Corre,B"]
[Black "Verlinde,T"]
[Result "0-1"]
[WhiteElo "2307"]
[BlackElo "2222"]

1.e4 c5 2.Nf3 d6 3.d4 cxd4 4.Nxd4 Nf6 5.Nc3 a6 6.Be3 e5 7.Nde2 Be7 8.g3 Nbd7
9.Bg2 O-O 10.h3 b5 11.O-O Bb7 12.g4 Nb6 13.Ng3 g6 14.g5 Nfd7 15.h4 Rc8 16.a4 b4
17.Nd5 Nxd5 18.exd5 Rc4 19.f4 f5 20.Ne2 Qc7 21.Rc1 Rc8 22.c3 bxc3 23.b3 c2
24.Qe1 Rc5 25.Bxc5 Qxc5+ 26.Qf2 e4 27.Nd4 Qxd5 28.Rxc2 Rxc2 29.Nxc2 Qxb3
30.Nd4 Qxa4 31.Qb2 Nc5 32.h5 Bf8 33.Ra1 Qc4 34.Rc1 Qd3 35.Kh1 Bd5 36.h6 Qg3
37.Qd2 Nd3 38.Rf1 Bf7 39.Nc6 Bc4 40.Rb1  0-1

[Event "WYCC U18 Open"]
[Site "Caldas Novas BRA"]
[Date "2011.11.20"]
[Round "3"]
[White "Halvax,G"]
[Black "Molina,PaS"]
[Result "0-1"]
[WhiteElo "2318"]
[BlackElo "2059"]

1.e4 c5 2.Nf3 d6 3.d4 cxd4 4.Nxd4 Nf6 5.Nc3 a6 6.Be3 Ng4 7.Bg5 h6 8.Bh4 g5
9.Bg3 Bg7 10.Be2 h5 11.Bxg4 Bxg4 12.f3 Bd7 13.Qd2 Nc6 14.Bf2 Qa5 15.Be3 Rc8
16.Nb3 Qe5 17.Bxg5 Nb4 18.a3 Nxc2+ 19.Qxc2 Qxg5 20.Qd2 Qh4+ 21.g3 Qf6 22.f4 Qxc3
23.bxc3 Bxc3 24.Nd4 Bxd2+ 25.Kxd2 h4 26.f5 f6 27.g4 Kf7 28.h3 Rc4 29.Ke3 Rc3+
30.Kf4 Rhc8 31.Nf3 d5 32.g5 dxe4 33.Nxh4 Rh8 34.Kg4 e6 35.Rad1 fxg5 36.Rxd7+ Kf6  0-1

[Event "Cultural Village Tournament"]
[Site "Wijk aan Zee NED"]
[Date "2011.11.22"]
[Round "2.1"]
[White "Bok,B"]
[Black "Sethuraman,S"]
[Result "1-0"]
[WhiteElo "2513"]
[BlackElo "2543"]

1.e4 c5 2.Nf3 d6 3.d4 cxd4 4.Nxd4 Nf6 5.Nc3 a6 6.Be3 Nc6 7.f3 e6 8.Qd2 Be7
9.O-O-O O-O 10.g4 Nxd4 11.Bxd4 b5 12.Kb1 Nd7 13.h4 Qc7 14.g5 b4 15.Na4 Bb7
16.Qf2 Nc5 17.Nxc5 dxc5 18.Be3 c4 19.h5 Rfd8 20.Bh3 Rxd1+ 21.Rxd1 Rd8 22.Rg1 Qd6
23.Qe2 c3 24.b3 a5 25.g6 a4 26.Qb5 Ba6 27.gxf7+ Kxf7 28.Qb6 axb3 29.axb3 Qxb6
30.Bxb6 Rd2 31.Be3 Bf6 32.Kc1 Re2 33.Bc5 Rh2 34.Bf1 Rxh5 35.Bxa6 Rxc5 36.Bc4 h5
37.f4 Bd4 38.Rf1 Kf6 39.Kd1 h4 40.e5+ Kf5 41.Ke2 Rxc4 42.bxc4 Ke4 43.Rh1 Be3
44.Rxh4 b3 45.f5+ Bf4 46.cxb3 c2 47.Rxf4+ Kxf4 48.Kd2 Kxf5 49.Kxc2 Kxe5 50.Kd3 g5
51.b4 Kd6 52.Ke4 Kc7 53.c5 Kc6 54.Ke5 Kb5 55.Kd6 g4 56.c6 g3 57.c7 g2 58.c8=Q g1=Q
59.Qc5+ Qxc5+ 60.bxc5  1-0

[Event "Vilnius Open 2011"]
[Site "Vilnius LTU"]
[Date "2011.11.25"]
[Round "7"]
[White "Vaitkevicius,Paulius"]
[Black "Valantiejus,Vaidotas"]
[Result "1/2-1/2"]
[WhiteElo "1697"]
[BlackElo "1948"]

1.e4 c5 2.Nf3 d6 3.d4 cxd4 4.Nxd4 Nf6 5.Nc3 a6 6.Be3 e6 7.Be2 Be7 8.O-O O-O
9.f4 Qc7 10.Kh1 b5 11.a3 Bb7 12.Bf3 Nc6 13.Qe1 Na5 14.Qg3 Nc4 15.Bc1 Qb6
16.Rd1 Rad8 17.b3 Na5 18.Be3 Qc7 19.Rd3 Nd7 20.Bf2 Bf6 21.Rad1 Nc5 22.Re3 Nc6
23.Nxc6 Bxc6 24.f5 Be5 25.Qg4 Qb7 26.Bh4 exf5 27.exf5 Bxf3 28.Rxf3 f6 29.Nd5 Rde8
30.Rh3 Qf7  1/2-1/2

[Event "Vizag GM Open"]
[Site "Visakhapatnam IND"]
[Date "2011.11.25"]
[Round "3"]
[White "Petrosian,TL"]
[Black "Padmini,R"]
[Result "1-0"]
[WhiteElo "2636"]
[BlackElo "2392"]

1.e4 c5 2.Nf3 d6 3.d4 cxd4 4.Nxd4 Nf6 5.Nc3 a6 6.Be3 e5 7.Nf3 Be7 8.Bc4 O-O
9.O-O Be6 10.Bb3 Qc7 11.Qe2 Rc8 12.Rfd1 b5 13.Ne1 Nbd7 14.Bg5 Qb7 15.Bxf6 Nxf6
16.Nd5 Bxd5 17.Bxd5 Nxd5 18.Rxd5 f5 19.Rad1 fxe4 20.Qxe4 Rc4 21.Qe2 Rf8 22.R5d3 Qc6
23.R1d2 Rcf4 24.Rf3 Bg5 25.Rxf4 Bxf4 26.Rd1 e4 27.c3 d5 28.Nc2 Bb8 29.Ne3 Ba7
30.Qd2 Bxe3 31.Qxe3 Rf5 32.Rd4 h6 33.Qd2 Kh8 34.b3 Re5 35.h3 Qe6 36.Qe3 Qc6
37.a4 Re8 38.Qd2 Rc8 39.axb5 Qxb5 40.Qb2 Qc6 41.c4 dxc4 42.Rxc4 Qe6 43.Rxc8+ Qxc8
44.Qe5 Qc1+ 45.Kh2 Qc2 46.Qe8+ Kh7 47.Qf7 Qd3 48.Qf5+ Kh8 49.Qc8+ Kh7 50.Qe6 Qc2
51.Qb6 Qd2 52.Qc5 a5 53.Qf5+ Kh8 54.Qf8+ Kh7 55.Qc5 Qb2 56.Qf5+ Kh8 57.Qxa5 Qxb3
58.Qa8+ Kh7 59.Qxe4+ Kg8 60.f4 Kf7 61.Qf5+ Kg8 62.Qc8+ Kf7 63.Qd7+ Kf6 64.Qe8 Qb4
65.Kg3 Qb3+ 66.Kh4 Qb4 67.Kh5 Qc5+ 68.Qe5+ Qxe5+ 69.fxe5+ Kxe5 70.Kg6 Kf4
71.Kxg7 Kg5 72.g3 h5 73.h4+  1-0

[Event "TCh-NED Meesterklasse 2011-12"]
[Site "Netherlands NED"]
[Date "2011.11.26"]
[Round "3.4"]
[White "Kuipers,S"]
[Black "Van Kampen,R"]
[Result "0-1"]
[WhiteElo "2381"]
[BlackElo "2529"]

1.e4 c5 2.Nf3 d6 3.d4 cxd4 4.Nxd4 Nf6 5.Nc3 a6 6.Be3 e5 7.Nb3 Be6 8.f3 h5
9.Qd2 Nbd7 10.Nd5 Bxd5 11.exd5 Qc7 12.c4 a5 13.Rc1 a4 14.Na1 g6 15.Be2 Qa5
16.Qxa5 Rxa5 17.Nc2 Bh6 18.Bxh6 Rxh6 19.Na3 Nc5 20.Kd2 Rh8 21.Nb5 Kd7 22.Rhf1 h4
23.f4 Nfe4+ 24.Kc2 f5 25.Rf3 exf4 26.Rxf4 Raa8 27.Bd3 Nxd3 28.Kxd3 Rae8 29.Nd4 Nc5+
30.Kd2 Re4 31.Rcf1 Rxf4 32.Rxf4 h3 33.gxh3 Rxh3 34.Nf3 Ke7 35.Ke2 Kf6 36.Rh4 Rxh4
37.Nxh4 g5 38.Ng2 Ke5 39.h4 gxh4 40.Nxh4 Ke4 41.Nf3 b6 42.Nh4 Nd3 43.Nxf5 Nf4+
44.Kd2 Kxf5 45.Kc3 Ke4 46.Kb4 Nd3+ 47.Kxa4 Nxb2+ 48.Kb5 Kd4 49.Kxb6 Nxc4+
50.Kc6 Ke4 51.a3 Kd4 52.a4 Ke5  0-1

[Event "25th Belgrade Trophy"]
[Site "Obrenovac SRB"]
[Date "2011.11.26"]
[Round "3.36"]
[White "Zivanovic,B"]
[Black "Ilic,Zo3"]
[Result "0-1"]
[WhiteElo "2011"]
[BlackElo "2260"]

1.e4 c5 2.Nf3 d6 3.d4 cxd4 4.Nxd4 Nf6 5.Nc3 a6 6.Be3 Ng4 7.Bd2 Qb6 8.f3 Qxd4
9.fxg4 e6 10.Qf3 Nc6 11.O-O-O Ne5 12.Qg3 Bd7 13.Be2 Qc5 14.Be3 Qc7 15.Rhf1 Be7
16.h4 b5 17.Bd4 O-O 18.g5 b4 19.Bxe5 dxe5 20.Nb1 Rac8 21.Bd3 Qa5 22.Nd2 Qxa2
23.Qxe5 Ba4 24.Rf2 Bc5 25.Rf3 b3 26.c4 Rfd8 27.Bb1 Qa1 28.Qc3 Bd4 29.Nxb3 Bxc3  0-1

[Event "TCh-SVK Extraliga 2011-12"]
[Site "Slovakia SVK"]
[Date "2011.11.26"]
[Round "3"]
[White "Pagerka,M"]
[Black "Csolto,R"]
[Result "1/2-1/2"]
[WhiteElo "2200"]
[BlackElo "2267"]

1.e4 c5 2.Nf3 d6 3.d4 cxd4 4.Nxd4 Nf6 5.Nc3 a6 6.Be3 Ng4 7.Bc1 Nf6 8.Be2 e5
9.Nb3 Be7 10.Be3 Be6 11.Bf3 O-O 12.O-O Nbd7 13.a3 Rc8 14.Qd2 Qc7 15.Rfd1 Rfd8
16.Qe1 Nb6 17.Na5 Nbd7 18.Nd5 Bxd5 19.exd5 Re8 20.c4 Bd8 21.Nb3 b6 22.Be2 Nc5
23.Nc1 Qd7 24.b3 h6 25.Rb1 Ng4 26.Bxg4 Qxg4 27.f3 Qf5 28.Ne2 Bg5 29.Ng3 Bxe3+
30.Qxe3 Qd7 31.Ne4 f5 32.Nc3  1/2-1/2

[Event "TCh-HUN 2011-12"]
[Site "Budapest HUN"]
[Date "2011.11.27"]
[Round "4"]
[White "Veszpremi,A"]
[Black "Aczel,G"]
[Result "0-1"]
[WhiteElo "2256"]
[BlackElo "2424"]

1.e4 c5 2.Nf3 d6 3.d4 cxd4 4.Nxd4 Nf6 5.Nc3 a6 6.Be3 e5 7.Nf3 Qc7 8.h3 Nbd7
9.Bd3 h6 10.Qe2 b5 11.a3 Bb7 12.Nd2 Nc5 13.O-O-O Be7 14.g4 Rd8 15.g5 hxg5
16.Bxg5 Nh5 17.Be3 Ne6 18.Nd5 Bxd5 19.exd5 Nef4 20.Bxf4 Nxf4 21.Qf3 g6 22.Kb1 Rc8
23.Rc1 Qb7 24.c4 b4 25.axb4 Qxb4 26.Rc3 Rb8 27.Rc2 Qa3 28.Bf1 Qxf3 29.Nxf3 Bf6
30.Nd2 Be7 31.Rg1 Kd7 32.Rg3 Bh4 33.Ra3 Bxf2 34.Ne4 Bc5 35.Rxa6 Rhc8 36.Rc3 Bd4
37.Rc2 Bc5 38.Rc3 Bd4 39.Rc2 Bb6 40.Nc3 Bc5 41.Na4 Bd4 42.Nc3 f5 43.Nb5 Bc5
44.b4 Bxb4 45.Ra7+ Ke8 46.Rh7 Kf8 47.Ra2 Bc5 48.Kc2 Kg8 49.Rd7 Rd8 50.Re7 Ra8
51.Rxa8 Rxa8 52.Kb2 e4 53.Rd7 Ra6 54.h4 e3 55.Rd8+ Kg7 56.Rd7+ Kf6 57.Nc7 Ra7  0-1

[Event "Cultural Village Tournament"]
[Site "Wijk aan Zee NED"]
[Date "2011.11.29"]
[Round "8.1"]
[White "Bok,B"]
[Black "Naroditsky,D"]
[Result "1/2-1/2"]
[WhiteElo "2513"]
[BlackElo "2472"]

1.e4 c5 2.Nf3 d6 3.d4 cxd4 4.Nxd4 Nf6 5.Nc3 a6 6.Be3 e5 7.Nf3 Be7 8.Bc4 O-O
9.O-O Be6 10.Bb3 Nc6 11.Qe2 Na5 12.Rfd1 Qc7 13.Bg5 Rac8 14.Rac1 Qb6 15.Bxf6 Bxf6
16.Nd5 Bxd5 17.Rxd5 Nxb3 18.axb3 Rc6 19.Qd1 Qb4 20.Nd2 Bg5 21.Ra1 Bxd2 22.Ra4 Qb6
23.Rxd2 Qc7 24.c3 Rd8 25.b4 Rc4 26.f3 Qb6+ 27.Kh1 Rc7 28.Ra5 Re7 29.Rad5 Re6
30.g3 h5 31.Kg2 h4 32.R2d3 Kf8 33.Qd2 hxg3 34.hxg3 Qc7 35.b3 b5 36.Qa2 Qb6
37.Qd2 Qc7 38.Qe3 Rh6 39.Rd1 Rc8 40.R5d3 Qd7 41.g4 Qe7 42.Rh1 Rxh1 43.Kxh1 Rc6
44.Kg2 Kg8 45.Rd1 Qe6 46.Rh1 Qe7 47.Qe1 Qf6 48.Qd2 Rc8 49.Qd5 Qe6 50.Qb7 Rxc3
51.Qxa6 Rc8 52.Qxb5 Qxb3 53.Qd7 Qe6 54.Qxe6 fxe6 55.Rd1 Rc6 56.b5 Rb6 57.Rb1 Kf7
58.Kf2 d5 59.Ke3 Ke7 60.exd5 exd5 61.f4 exf4+ 62.Kxf4 Kd6 63.Kf5 Kc5 64.Ke5 d4
65.Rc1+ Kxb5 66.Kxd4 Rg6 67.Rc5+ Kb6 68.g5 Rd6+ 69.Rd5 Kc6 70.Rxd6+ Kxd6
71.Ke4 Ke6 72.Kf4 g6 73.Ke4  1/2-1/2

[Event "CCSCSL Invitational"]
[Site "Saint Louis USA"]
[Date "2011.12.01"]
[Round "4.1"]
[White "Diamant,A"]
[Black "Arnold,Mar"]
[Result "1/2-1/2"]
[WhiteElo "2489"]
[BlackElo "2504"]

1.e4 c5 2.Nf3 d6 3.d4 cxd4 4.Nxd4 Nf6 5.Nc3 a6 6.Be3 e6 7.a4 d5 8.exd5 Nxd5
9.Nxd5 Qxd5 10.Qf3 Qxf3 11.Nxf3 Nd7 12.g3 b6 13.Bg2 Bb7 14.O-O Bc5 15.Bxc5 Nxc5
16.Rfd1  1/2-1/2

[Event "TCh-CZE Extraliga 2011-12"]
[Site "Czech Republic CZE"]
[Date "2011.12.03"]
[Round "3.8"]
[White "Vlasak,Lu"]
[Black "Roubalik,J"]
[Result "1/2-1/2"]
[WhiteElo "2319"]
[BlackElo "2307"]

1.e4 c5 2.Nf3 d6 3.d4 cxd4 4.Nxd4 Nf6 5.Nc3 a6 6.Be3 e5 7.Nb3 Be7 8.f3 h5
9.Be2 Be6 10.O-O Nbd7 11.a4 Qc7 12.a5 Rc8 13.Qd2 Nc5 14.Nxc5 dxc5 15.Na4 c4
16.Qc3 Nd7 17.Kh1 h4 18.Nb6 Nxb6 19.Bxb6 Qc6 20.Qxe5 Bf6 21.Qf4 Bxb2 22.Rad1 Bf6
23.Qe3 h3 24.g3 Be7 25.f4 Bc5 26.Bxc5 Qxc5 27.Qc3 f6 28.Rd4 O-O 29.Rfd1 Rfe8
30.Bf3 Rc7 31.Rd8 Rc8 32.R8d4 Rc7 33.Rd8 Qe7 34.Rxe8+ Qxe8 35.e5 Rd7 36.Rxd7 Qxd7
37.exf6 Bd5 38.Kg1 Bxf3 39.Qxf3 gxf6 40.Kf1 Kg7 41.Ke2 Qb5 42.Qg4+ Kf7 43.Qxh3  1/2-1/2

[Event "80th Anniversary Mollet CM"]
[Site "Mollet del Valles ESP"]
[Date "2011.12.03"]
[Round "1"]
[White "Morais Carreras,J"]
[Black "Comellas Blanchart,J"]
[Result "0-1"]
[WhiteElo "1996"]
[BlackElo "2101"]

1.e4 c5 2.Nf3 d6 3.d4 cxd4 4.Nxd4 Nf6 5.Nc3 a6 6.Be3 e5 7.Nb3 Be6 8.f3 Be7
9.Qd2 O-O 10.O-O-O Nbd7 11.g4 b5 12.Rg1 b4 13.Nd5 Bxd5 14.exd5 a5 15.g5 Nh5
16.Kb1 Qb8 17.Bh3 Nb6 18.Qd3 g6 19.Bg4 a4 20.Nd2 Nf4 21.Bxf4 exf4 22.Ne4 Ra5
23.Nf6+ Bxf6 24.gxf6 Nxd5 25.Ka1 Ne3 26.Rde1 Qb6 27.h4 d5 28.h5 Qxf6 29.hxg6 hxg6
30.Rh1 a3 31.c3 axb2+  0-1

[Event "CCSCSL Invitational"]
[Site "Saint Louis USA"]
[Date "2011.12.03"]
[Round "8.2"]
[White "Rensch,D"]
[Black "Arnold,Mar"]
[Result "0-1"]
[WhiteElo "2416"]
[BlackElo "2504"]

1.e4 c5 2.Nf3 d6 3.d4 cxd4 4.Nxd4 Nf6 5.Nc3 a6 6.Be3 e6 7.f3 h5 8.Qd2 Qc7
9.Qf2 b5 10.Bd3 Nbd7 11.h3 Bb7 12.O-O-O b4 13.Nce2 g6 14.Kb1 e5 15.Nb3 a5
16.Bb5 Bc6 17.Bxc6 Qxc6 18.g4 a4 19.Nd2 Rc8 20.g5 a3 21.bxa3 bxa3 22.c4 d5
23.gxf6 Qb7+ 24.Kc2 Qb2+ 25.Kd3 Nc5+ 26.Bxc5 Bxc5 27.Qxc5 Rxc5 28.exd5 Qb6
29.Rb1 Qxf6 30.Rb8+ Ke7 31.Rb7+ Kf8 32.Nc3 Kg7 33.Nce4 Rxd5+ 34.Ke2 Qc6 35.Rxf7+ Kxf7
36.cxd5 Qxd5 37.Rc1 Qxa2 38.Rc7+ Ke6 39.Ke3 Qd5 40.Nc4 a2 41.Ng5+ Kf6 42.Ne4+ Qxe4+  0-1

[Event "TCh-CZE Extraliga 2011-12"]
[Site "Czech Republic CZE"]
[Date "2011.12.04"]
[Round "4.2"]
[White "Jakubowski,K"]
[Black "Cerveny,M"]
[Result "1-0"]
[WhiteElo "2491"]
[BlackElo "2347"]

1.e4 c5 2.Nf3 d6 3.d4 cxd4 4.Nxd4 Nf6 5.Nc3 a6 6.Be3 e5 7.Nb3 Be6 8.Qd2 Nbd7
9.f4 Rc8 10.f5 Bc4 11.Bxc4 Rxc4 12.Qe2 Qc7 13.Nd2 Rc6 14.g4 h6 15.h4 b5 16.a3 Be7
17.O-O Rxc3 18.bxc3 Qxc3 19.Rae1 d5 20.exd5 Nxd5 21.Ne4 Qxa3 22.Rf3 Nxe3
23.Qxe3 Qb4 24.c3 Qc4 25.Qa7 Qc8 26.g5 hxg5 27.hxg5 Rh4 28.Kg2 Qc6 29.Qe3 f6
30.Rh3 fxg5 31.Rxh4 gxh4 32.Qf3 Kd8 33.Kh3 Kc7 34.Qg4 Bf6 35.Rd1 Nc5 36.Nxf6 gxf6
37.Kxh4 a5 38.Kh5 Nd7 39.Qg1 Kb7 40.Kg6 a4 41.Kf7 a3 42.Qg7 a2 43.Ke8 Kc8
44.Qg8 Nc5+ 45.Ke7+ Kb7 46.Qxa2 Qc7+ 47.Kxf6 Ne4+ 48.Kg6 Nxc3 49.Qg2+ e4
50.Rh1 Qd6+ 51.f6 Nd5 52.Qg5 Kb6 53.Kg7 Nc7 54.Qe3+ Kc6 55.Qxe4+ Kd7 56.Rh7 Nd5
57.Qf3 Nc7 58.Kg8+ Kd8 59.f7 Qe6 60.Kh8 Qe5+ 61.Rg7 Qh2+ 62.Kg8 Qa2 63.Qf6+ Kc8
64.Kh8  1-0